LEADER 00892nam0-22002771i-450- 001 990003513290403321 005 20130702181414.0 035 $a000351329 035 $aFED01000351329 035 $a(Aleph)000351329FED01 035 $a000351329 100 $a20030910d1951----km-y0itay50------ba 101 0 $aita 102 $aIT 105 $ay-------001yy 200 1 $a<>problema della Sicilia nel 1848 attraverso nuove fonti inedite$eindipendenza e autonomia nel giuoco della politica internazionale$fGaetano Falzone 210 $aPalermo$cPriulla$dstampa 1951 215 $aXIX, 518 p.$d22 cm 700 1$aFalzone,$bGaetano$0141678 801 0$aIT$bUNINA$gRICA$2UNIMARC 901 $aBK 912 $a990003513290403321 952 $aSE 090.01.12-$b02448$fDECSE 959 $aDECSE 996 $aProblema della Sicilia nel 1848 attraverso nuove fonti inedite$9497844 997 $aUNINA LEADER 00907nam0-22003131i-450- 001 990001348890403321 010 $a0-521-36102-8 035 $a000134889 035 $aFED01000134889 035 $a(Aleph)000134889FED01 035 $a000134889 100 $a20000920d1990----km-y0itay50------ba 101 0 $aeng 200 1 $aNonlinear Superposition Operators$fJurgen Appell$fPetr P. Zabrejko 210 $aCambridge$cCambridge University Press$d1990 225 1 $aCambridge tracts in mathematics$v95 610 0 $aAnalisi funzionale 610 0 $aAlgebre astratte 676 $a517.00//517.36 700 1$aAppell,$bJürgen$0350374 702 1$aZabreïko,$bPetr Petrovich 801 0$aIT$bUNINA$gRICA$2UNIMARC 901 $aBK 912 $a990001348890403321 952 $a14A-196$b$fFI1 959 $aFI1 996 $aNonlinear Superposition Operators$9376109 997 $aUNINA DB $aING01